लिफाफे का अर्थ शास्त्र : (Record no. 112511)

MARC details
000 -LEADER
fixed length control field 01108nam a22002537a 4500
005 - DATE AND TIME OF LATEST TRANSACTION
control field 20170124102940.0
010 ## - LIBRARY OF CONGRESS CONTROL NUMBER
LC control number B-023312
020 ## - INTERNATIONAL STANDARD BOOK NUMBER
Terms of availability 120.00
International Standard Book Number 8185139598
035 ## - SYSTEM CONTROL NUMBER
System control number B-023312
037 ## - SOURCE OF ACQUISITION
Source of stock number/acquisition Cen Lib/Ret
040 ## - CATALOGING SOURCE
Original cataloging agency DPL
Language of cataloging HN
082 ## - DEWEY DECIMAL CLASSIFICATION NUMBER
Classification number 827
Item number अरोरा
100 ## - MAIN ENTRY--PERSONAL NAME
Personal name अरोरा, पिलकेन्द्र
9 (RLIN) 9690
245 ## - TITLE STATEMENT
Title लिफाफे का अर्थ शास्त्र :
Statement of responsibility, etc पिलकेन्द्र अरोरा
Remainder of title व्यंग्य /
246 ## - VARYING FORM OF TITLE
Title proper/short title Lifafe ka arth shastra : vyangy /
Remainder of title by Pilkendra Arora
260 ## - PUBLICATION, DISTRIBUTION, ETC. (IMPRINT)
Place of publication, distribution, etc बिजनौर
Name of publisher, distributor, etc हिंदी साहित्य निकेतन
Date of publication, distribution, etc 2000
270 ## - ADDRESS
City बिजनौर
Address 16, साहित्य विहार
300 ## - PHYSICAL DESCRIPTION
Extent 143पृ.
Dimensions 20मी(सजिल्द)
650 ## - SUBJECT ADDED ENTRY--TOPICAL TERM
Topical term or geographic name as entry element हिन्दी साहित्य
9 (RLIN) 47952
650 ## - SUBJECT ADDED ENTRY--TOPICAL TERM
Topical term or geographic name as entry element हिन्दी साहित्य -- कहानियाँ
9 (RLIN) 47953
650 ## - SUBJECT ADDED ENTRY--TOPICAL TERM
Topical term or geographic name as entry element Hindi literature
9 (RLIN) 47954
650 ## - SUBJECT ADDED ENTRY--TOPICAL TERM
Topical term or geographic name as entry element Hindi literature -- stories
9 (RLIN) 47955
942 ## - ADDED ENTRY ELEMENTS (KOHA)
Source of classification or shelving scheme Dewey Decimal Classification
Koha item type Hindi Books
Classification part 827
Call number suffix अरोरा
Holdings
Withdrawn status Lost status Damaged status Not for loan Home library Current library Date acquired Source of acquisition Cost, normal purchase price Total Checkouts Full call number Barcode Date last seen Copy number Cost, replacement price Price effective from Koha item type
        Central Library Central Library 08/08/2015 Cen Lib/Ret 120.00   827 अरोरा B-023312 08/08/2015 1 120.00 08/08/2015 Hindi Books

© Delhi Public Library
Hit Counter
free hit counter